000
00304nam a22001337a 4500
008
181205b xxu||||| |||| 00| 0 eng d
020
_a
9780394739694
041
_a
eng
080
_a
721
100
_a
41
101
_a
NDE
245
_a
A Field Guide to American Houses
_c
Alester,V.M
942
_2
udc
_c
BK
999
_c
52863
_d
52863